Harry Potter by Pictures #2 - Statistics

General Stats
  • This quiz has been taken 81 times
  • The average score is 14 of 16
Answer Stats
Picture Hint Answer % Correct
Person Nymphadora Tonks
97%
Beasts Basilisk
95%
Object Ravenclaw's Diadem
92%
Location Slytherin common room
92%
Location Potions Classroom
89%
Beasts Centaur/ Firenze
88%
Object Cloak of Invisibility
88%
Person Xenophilius Lovegood
88%
Beasts Three-headed dog/ Fluffy
86%
Person Poppy Pomfrey
83%
Beasts Half-Kneazle cat/ Crookshanks
82%
Location Hogsmeade
80%
Person Igor Karkaroff
79%
Location The Burrow
79%
Object Quaffle
76%
Object Vanishing Cabinet
71%
No matching quizzes found
Score Distribution
Percent of People with Each Score
Percentile by Number Answered
Your Score History
You have not taken this quiz